000
00307nam a22001337a 4500
008
181029b xxu||||| |||| 00| 0 eng d
020
_a
9780415399005
041
_a
eng
080
_a
316
100
_a
50
101
_a
SOC
245
_a
Introducing the New Sexuality Studies
_c
Seidman, S
942
_2
udc
_c
BK
999
_c
51055
_d
51055